| 000 | 00642nam a2200253Ia 4500 | ||
|---|---|---|---|
| 008 | 160404s9999 xx 000 0 und d | ||
| 020 | _a978-971-8558-53-9 | ||
| 050 | _aFIL HD 58.8 | ||
| 050 | _b.G66 2009 | ||
| 100 | _aGonzalez, Ricardo. | ||
| 245 | _aLeading organizational change : | ||
| 245 | _blessons from nature / | ||
| 245 | _cRicardo Gonzalez | ||
| 260 | _aQuezon City: | ||
| 260 | _bKen Inc., | ||
| 260 | _c2009 | ||
| 300 | _a515 pages : | ||
| 300 | _billustrations ; | ||
| 300 | _c25 cm. | ||
| 500 | _aIncludes index. | ||
| 650 | _aOrganization. | ||
| 650 | _aOrganizational change. | ||
| 650 | _xManagement. | ||
| 999 |
_c293306 _d293306 |
||